Statistics for Leaders of the National Party of Australia

Click here to take the quiz!

General Stats

  • This quiz has been taken 15 times
  • The average score is 12 of 15

Answer Stats

Answer% Correct
Arthur Fadden
100%
David Littleproud
100%
Barnaby Joyce
89%
Doug Anthony
89%
John McEwen
89%
Warren Truss
89%
Earle Page
78%
Ian Sinclair
78%
John Anderson
78%
Michael McCormack
78%
Tim Fischer
78%
Archie Cameron
67%
Charles Blunt
67%
Mark Vaile
67%
William McWilliams
67%

Score Distribution

Percentile by Number Answered

Percent of People with Each Score

Your Score History

You have not taken this quiz